[Event "BCF-chT3 0607 (4NCL)"]
[Site "Sunningdale"]
[Date "2006.11.12"]
[Round "4.5"]
[White "Parker, Robert"]
[Black "Vause, Jonathan"]
[Result "1/2-1/2"]
[WhiteElo "2086"]
[BlackElo "2040"]
[PlyCount "31"]
[EventDate "2006.09.16"]
[EventType "team"]
[EventRounds "11"]
[EventCountry "ENG"]
[SourceTitle "EXT 2008"]
[Source "ChessBase"]
[SourceDate "2007.11.25"]
[SourceVersion "1"]
[SourceVersionDate "2007.11.25"]
[SourceQuality "1"]
[WhiteTeam "Mindsports"]
[BlackTeam "Wessex II"]
[WhiteTeamCountry "ENG"]
[BlackTeamCountry "ENG"]

1. d4 Nf6 2. c4 e6 3. Nc3 c5 4. Nf3 cxd4 5. Nxd4 a6 6. e3 b6 7. Be2 Bb7 8. Bf3 Qc7 9. 0-0 d6 10. Qa4+ Nbd7 11. Bxb7 Qxb7 12. Bd2 Be7 13. Qc6 Qxc6 14. Nxc6 Rc8 15. Nxe7 Kxe7 16. b3 1/2-1/2